Disbility and care work: (Record no. 158308)
[ view plain ]
| 000 -LEADER | |
|---|---|
| fixed length control field | 00708nam a22001937a 4500 |
| 005 - DATE AND TIME OF LATEST TRANSACTION | |
| control field | 20181025103749.0 |
| 010 ## - LCCN (DPL NO) | |
| LC control number | ENG-124362 |
| 020 ## - INTERNATIONAL STANDARD BOOK NUMBER | |
| Terms of availability | 795.00 |
| International Standard Book Number | 9789352807741 |
| 035 ## - SYSTEM CONTROL NUMBER | |
| System control number | EN-107894 |
| 037 ## - SOURCE OF ACQUISITION | |
| Source of stock number/acquisition | DBAD/PUB. |
| 082 ## - DEWEY DECIMAL CLASSIFICATION NUMBER | |
| Classification number | 362.4048 |
| 100 ## - MAIN ENTRY--PERSONAL NAME | |
| Personal name | Chakravarti, Upali |
| 245 ## - TITLE STATEMENT | |
| Title | Disbility and care work: |
| Statement of responsibility, etc | by Upali Chakravarti |
| Remainder of title | state, society and invisible lives / |
| 260 ## - PUBLICATION, DISTRIBUTION, ETC. (IMPRINT) | |
| Place of publication, distribution, etc | New Delhi |
| Name of publisher, distributor, etc | Sage Publications India Pvt. Ltd. |
| Date of publication, distribution, etc | 2018 |
| 270 ## - ADDRESS | |
| Address | B1/I-1, Mohan Cooperative Industrial Area Mathura Road Post Bag 7 |
| City | New Delhi |
| Postal code | 110044 |
| 300 ## - PHYSICAL DESCRIPTION | |
| Extent | xi,220p. |
| Dimensions | 21cm.(Hb) |
| 500 ## - GENERAL NOTE | |
| General note | It includes appendix, bibliography, index and about the author |
| 942 ## - ADDED ENTRY ELEMENTS (KOHA) | |
| Source of classification or shelving scheme | Dewey Decimal Classification |
| Item type | English Books |
| Call number suffix | CHA |
| Classification part | 362.4048 |
| Withdrawn status | Lost status | Not for loan | Collection code | Home library | Current library | Date acquired | Source of acquisition | Cost, normal purchase price | Full call number | Barcode | Copy number | Cost, replacement price | Koha item type |
|---|---|---|---|---|---|---|---|---|---|---|---|---|---|
| Not For Loan | Non-fiction | D.B.Act.Division | Bawana | 25/10/2018 | DBAD/PUB | 795.00 | 362.4048 CHA | EN-107894 | 1 | 765.00 | English Books |
